What parties were the US Presidents from? - Statistics

General Stats
  • This quiz has been taken 16 times
  • The average score is 36 of 45
Answer Stats
Hint Answer % Correct
Woodrow Wilson Democrat
100%
Franklin D. Roosevelt Democrat
100%
John F. Kennedy Democrat
100%
Jimmy Carter Democrat
100%
Bill Clinton Democrat
100%
Joe Biden Democrat
100%
Herbert Hoover Republican
100%
Ronald Reagan Republican
100%
George W. Bush Republican
100%
Harry S. Truman Democrat
91%
Lyndon B. Johnson Democrat
91%
Barack Obama Democrat
91%
Abraham Lincoln Republican
91%
Rutherford B. Hayes Republican
91%
William McKinley Republican
91%
Theodore Roosevelt Republican
91%
Warren G. Harding Republican
91%
Dwight D. Eisenhower Republican
91%
Richard Nixon Republican
91%
Gerald Ford Republican
91%
Donald Trump Republican
91%
Grover Cleveland Democrat
82%
James Madison Democratic-Republican
82%
George Washington Independent
82%
Benjamin Harrison Republican
82%
Calvin Coolidge Republican
82%
George H.W. Bush Republican
82%
Andrew Jackson Democrat
73%
James K. Polk Democrat
73%
James Buchanan Democrat
73%
John Adams Federalist
73%
Ulysses S. Grant Republican
73%
James A. Garfield Republican
73%
Chester A. Arthur Republican
73%
William Howard Taft Republican
73%
Martin Van Buren Democrat
64%
Franklin Pierce Democrat
64%
James Monroe Democratic-Republican
64%
William Henry Harrison Whig
64%
Thomas Jefferson Democratic-Republican
55%
John Quincy Adams Democratic-Republican
55%
Andrew Johnson National Union
55%
John Tyler Whig
55%
Zachary Taylor Whig
55%
Millard Fillmore Whig
55%
No matching quizzes found
Score Distribution
Percent of People with Each Score
Percentile by Number Answered
Your Score History
You have not taken this quiz